000 00749nam a2200229Ia 4500
001 10070
003 GE_BSU
008 181216s||||||||xx |||||||||||||| ||und||
040 _cGE_BSU
080 _a821.353.1–1+821.353.1-11
100 _aროყვა,შოთა
245 _aმამის ღიმილი
245 _bლექსები და პოემები
245 _cრედ.ნ.მალაზონია,მხატვ.ვ.კვერნაძე
260 _aბათუმი
260 _bსახელგამი
260 _c1960
300 _a80გვ.17სმ.
653 _aლექსები და პოემები
653 _aმამის ღიმილი
942 _cBK
999 _c43342
_d43342